Problémy jazykovej interferencie vo vyučovaní ruštiny
Interferencia v teórii cudzojazyčného vyučovania - narušovanie noriem v používaní cudzieho jazyka, a to buď vplyvom materinského jazyka alebo vplyvom javov daného cudzieho jazyka. Grafická, lexikálna, morfologická interferencia. Spôsoby eliminácie jazykovej interferencie. Automatizácia ako dôležitý...
Saved in:
| Main Author: | |
|---|---|
| Other Authors: | |
| Format: | Book Chapter |
| Language: | Slovak |
| Subjects: | |
| Tags: |
No Tags, Be the first to tag this record!
|
MARC
| LEADER | 00000nla$a2200000$$$4500 | ||
|---|---|---|---|
| 001 | 0142739 | ||
| 005 | 20240502072546.7 | ||
| 041 | 0 | |a slo | |
| 044 | |a SK | ||
| 245 | 1 | 0 | |a Problémy jazykovej interferencie vo vyučovaní ruštiny |c Silvia Kokošková, Lucia Tóthová |
| 520 | |a Interferencia v teórii cudzojazyčného vyučovania - narušovanie noriem v používaní cudzieho jazyka, a to buď vplyvom materinského jazyka alebo vplyvom javov daného cudzieho jazyka. Grafická, lexikálna, morfologická interferencia. Spôsoby eliminácie jazykovej interferencie. Automatizácia ako dôležitý predpoklad prekonávania interferencie. | ||
| 610 | 2 | 0 | |a jazykoveda |
| 610 | 2 | 0 | |a jazyky cudzie |
| 610 | 2 | 0 | |a ruština |
| 610 | 2 | 0 | |a vyučovanie |
| 100 | 1 | |a Kokošková, Silvia | |
| 700 | 1 | |a Tóthová, Lucia, 1960- | |